El tribunal de la historia : [de Poncio Pilato a la bomba atómica] / (Record no. 188507)

MARC details
000 -LEADER
campo de control de longitud fija 00707nam a2200205 i 4500
001 - NÚMERO DE CONTROL
campo de control 188507
003 - IDENTIFICADOR DE NÚMERO DE CONTROL
campo de control ES-MaACL
005 - FECHA Y HORA DE LA ÚLTIMA TRANSACCIÓN
campo de control 20250819063113.0
008 - DATOS DE LONGITUD FIJA--INFORMACIÓN GENERAL
campo de control de longitud fija 181212s1962 sp |||| | spa d
080 ## - NÚMERO DE LA CLASIFICACIÓN DECIMAL UNIVERSAL
Número de la Clasificación Decimal Universal 86-293.8"19"
100 1# - ENTRADA PRINCIPAL--NOMBRE DE PERSONA
Nombre de persona Cruz, José Manuel de la
9 (RLIN) 165744
245 13 - MENCIÓN DEL TÍTULO
Título El tribunal de la historia : [de Poncio Pilato a la bomba atómica] /
Mención de responsabilidad, etc. José Manuel de la Cruz ; presentación de Manuel Riu.
260 ## - PUBLICACIÓN, DISTRIBUCIÓN, ETC.
Lugar de publicación, distribución, etc. Barcelona :
Nombre del editor, distribuidor, etc. Aymá,
Fecha de publicación, distribución, etc. 1962.
300 ## - DESCRIPCIÓN FÍSICA
Extensión 198 p., [8] h. de lám. ;
Dimensiones 19 cm.
490 1# - MENCIÓN DE SERIE
Mención de serie Voz-imagen. Serie TV ;
Designación de volumen o secuencia 2
700 1# - ENTRADA AGREGADA--NOMBRE PERSONAL
Nombre de persona Riu, Manuel.
9 (RLIN) 97501
830 1# - PUNTO DE ACCESO ADICIONAL DE SERIE-TÍTULO UNIFORME
Título uniforme Voz-imagen. Serie TV ;
Designación de volumen o secuencia 2
9 (RLIN) 225708
852 ## - LOCALIZACIÓN
Ubicación ES-MaACL
Número de control de estantería P-131-bis-2
Holdings
Estatus retirado Estado de pérdida Estado de daño No para préstamo Biblioteca de origen Biblioteca actual Ubicación en estantería Fecha de adquisición Fuente de adquisición Total de préstamos Signatura topográfica completa Código de barras Visto por última vez Precio de reemplazo Tipo de ítem Koha
        Biblioteca del Ateneo de Madrid Biblioteca del Ateneo de Madrid Depósito 2 12/12/2018     P-131-bis-2 1199426 23/02/2023 23/02/2023 Libro impreso